Sociálny fond – tvorba, použitie, účtovanie a zdaňovanie príjmov zo sociálneho fondu v podvojnom účtovníctve bakalárska práca

Gespeichert in:
Bibliographische Detailangaben
1. Verfasser: Šišková, Denisa
Körperschaft: Fakulta hospodárskej informatiky EU. Katedra účtovníctva a audítorstva
Weitere Verfasser: Krišková, Petra, 1981-
Format: Buch
Sprache:Slowakisch
Veröffentlicht: Bratislava 2017
Tags: Tag hinzufügen
Keine Tags, Fügen Sie das erste Tag hinzu!

MARC

LEADER 00000nbm a2200000 4500
001 0233070
005 20180412142853.0
041 0 |a slo 
044 |a SK 
245 1 0 |a Sociálny fond – tvorba, použitie, účtovanie a zdaňovanie príjmov zo sociálneho fondu v podvojnom účtovníctve  |b bakalárska práca  |c Denisa Šišková ; školiteľ: Petra Krišková 
264 1 |a Bratislava  |c 2017 
300 |a 41 s. 
100 1 |a Šišková, Denisa 
700 1 |a Krišková, Petra, 1981- 
710 2 |a Fakulta hospodárskej informatiky EU. Katedra účtovníctva a audítorstva